000 01152nam0a22002411 4500
001 rc\392823
005 20260407100812.0
035 _a(NLR Aleph) 005642418
090 _a6683345
_c6683345
100 _a20030616d1989 |||y0rusy50 ca
101 0 _arus
102 _aRU
105 _ay |||||||||
200 1 _aКОМПЛЕКСНОЕ использование эффективных методов преподавания политической экономии в связи с профилем медицинского вуза и характером будущей профессиональной деятельности выпускников
_e(Метод. разраб. для студентов)
_fСмол. гос. мед. ин-т
_g[Э.П. Иванов, К.А. Семин]
210 _aСмоленск
_cСГМИ
_d1989
215 _a23 с.
_d20
701 1 _aИванов
_bЭ.П.
_gЭдуард Павлович
712 0 2 _aСмоленский медицинский институт
_3RU\NLR\AUTH\889927489
_9350595
801 0 _aRU
_bNLR
_gpsbo
801 1 _aRU
_bELAR
_2rusmarc
852 _aNLR
_j89-4/24361
942 _cBOOK
980 _aNB